000 00496nam a2200193Ia 4500
008 101110s9999 xx 000 0 und d
041 _aENGLISH
082 _bSR11776
_a657.3
100 _aKishnadwala, Shetty
245 _aFinancial Accounting for T.Y.B.Com.
365 _b36
520 _aCommerce
546 _aENGLISH
630 _aFinancial Accounting for T.Y.B.Com.
650 _aCommerce
655 _aCommerce
730 _aFinancial Accounting for T.Y.B.Com.
942 _cBOOK
999 _c806431
_d806428